000 02327cam a22002054a 4500
005 20250605163531.0
008 250528s ||||||||||||||||||||||||d
035 _a21227
020 _a9789600113013
040 _aGR-AtMCL
_bgre
_dGR-AtMCL
_eAACR2
245 1 _aΨυχολογία του Λόγου και της Γλώσσας / Ανάπτυξη και Παθολογία - Δυσλεξία και Λογοθεραπεία
250 _a
260 _bGutenberg,
_c2009
300 _a584
520 _aΟ διεπιστημονικός μανδύας μιας τέτοιας προσέγγισης αναδεικνύει το σύνθετο και πολυσημικό χαρακτήρα της γλώσσας του ανθρώπου και ταυτόχρονα διασφαλίζει τους απαραίτητους όρους για πολυσχιδή πρόσβαση και ολοένα αυξανόμενη γνώση-μεταγνώση του οικείου φαινομένου. Πρόλογος, Εισαγωγή, Το Γλωσσικό Σύστημα και οι Γνωστικές Λειτουργίες και η Καθημερινή Κουλτούρα, Ο Λόγος και η Γλώσσα: Εννοιολογικές Προσεγγίσεις και ο Κοινωνικός Ρόλος, Ο Λόγος και η Γλώσσα: Εργαλεία Επικοινωνίας και Κοινωνικοποίησης του Ανθρώπου, Το Κανονιστικό Σύστημα της Γλώσσας, Το Γλωσσικό Σύστημα και τα Συστατικά Στοιχεία της Γλώσσας, Γλώσσα και Γνωστικές Λειτουργίες, Γλώσσα και Εγκέφαλος, Γλώσσα και Σκέψη, Γλώσσα και Μνήμη, Γλώσσα και Δημιουργικότητα, Γλώσσα και Μάθηση, Γλώσσα και Χιούμορ, Γλώσσα και Συναίσθημα, Γλώσσα και Καθημερινή Κουλτούρα, Γλώσσα και Επικοινωνία, Γλώσσα και Πολιτισμός, Γλώσσα και Ιατρική Κλινική Πράξη, Προτεινόμενη Βιβλιογραφία.
700 1 _aΣτασινός Δημήτρης Π
942 _cBK
999 _c6294
_d6294